|
|
|
|
| LEADER |
02829nam a22006255i 4500 |
| 001 |
978-3-319-26979-5 |
| 003 |
DE-He213 |
| 005 |
20151209142238.0 |
| 007 |
cr nn 008mamaa |
| 008 |
151208s2015 gw | s |||| 0|eng d |
| 020 |
|
|
|a 9783319269795
|9 978-3-319-26979-5
|
| 024 |
7 |
|
|a 10.1007/978-3-319-26979-5
|2 doi
|
| 040 |
|
|
|d GrThAP
|
| 050 |
|
4 |
|a QA76.76.A65
|
| 072 |
|
7 |
|a UNH
|2 bicssc
|
| 072 |
|
7 |
|a UDBD
|2 bicssc
|
| 072 |
|
7 |
|a COM032000
|2 bisacsh
|
| 082 |
0 |
4 |
|a 005.7
|2 23
|
| 245 |
1 |
0 |
|a Advances in Services Computing
|h [electronic resource] :
|b 9th Asia-Pacific Services Computing Conference, APSCC 2015, Bangkok, Thailand, December 7-9, 2015, Proceedings /
|c edited by Lina Yao, Xia Xie, Qingchen Zhang, Laurence T. Yang, Albert Y. Zomaya, Hai Jin.
|
| 250 |
|
|
|a 1st ed. 2015.
|
| 264 |
|
1 |
|a Cham :
|b Springer International Publishing :
|b Imprint: Springer,
|c 2015.
|
| 300 |
|
|
|a XIV, 312 p. 109 illus. in color.
|b online resource.
|
| 336 |
|
|
|a text
|b txt
|2 rdacontent
|
| 337 |
|
|
|a computer
|b c
|2 rdamedia
|
| 338 |
|
|
|a online resource
|b cr
|2 rdacarrier
|
| 347 |
|
|
|a text file
|b PDF
|2 rda
|
| 490 |
1 |
|
|a Lecture Notes in Computer Science,
|x 0302-9743 ;
|v 9464
|
| 520 |
|
|
|a This book constitutes the refereed proceedings of the 9th Asia-Pacific Services Computing Conference, APSCC 2015, held in Bangkok, Thailand, in December 2015. The 17 revised full papers and 6 short papers presented were carefully reviewed and selected from numerous submissions. The papers cover a wide range of topics in services computing, web services, cloud computing, security in services, and social, peer-to-peer, mobile, ubiquitous and pervasive computing.
|
| 650 |
|
0 |
|a Computer science.
|
| 650 |
|
0 |
|a Computer communication systems.
|
| 650 |
|
0 |
|a Database management.
|
| 650 |
|
0 |
|a Data mining.
|
| 650 |
|
0 |
|a Information storage and retrieval.
|
| 650 |
|
0 |
|a Artificial intelligence.
|
| 650 |
1 |
4 |
|a Computer Science.
|
| 650 |
2 |
4 |
|a Information Systems Applications (incl. Internet).
|
| 650 |
2 |
4 |
|a Artificial Intelligence (incl. Robotics).
|
| 650 |
2 |
4 |
|a Information Storage and Retrieval.
|
| 650 |
2 |
4 |
|a Computer Communication Networks.
|
| 650 |
2 |
4 |
|a Database Management.
|
| 650 |
2 |
4 |
|a Data Mining and Knowledge Discovery.
|
| 700 |
1 |
|
|a Yao, Lina.
|e editor.
|
| 700 |
1 |
|
|a Xie, Xia.
|e editor.
|
| 700 |
1 |
|
|a Zhang, Qingchen.
|e editor.
|
| 700 |
1 |
|
|a Yang, Laurence T.
|e editor.
|
| 700 |
1 |
|
|a Zomaya, Albert Y.
|e editor.
|
| 700 |
1 |
|
|a Jin, Hai.
|e editor.
|
| 710 |
2 |
|
|a SpringerLink (Online service)
|
| 773 |
0 |
|
|t Springer eBooks
|
| 776 |
0 |
8 |
|i Printed edition:
|z 9783319269788
|
| 830 |
|
0 |
|a Lecture Notes in Computer Science,
|x 0302-9743 ;
|v 9464
|
| 856 |
4 |
0 |
|u http://dx.doi.org/10.1007/978-3-319-26979-5
|z Full Text via HEAL-Link
|
| 912 |
|
|
|a ZDB-2-SCS
|
| 912 |
|
|
|a ZDB-2-LNC
|
| 950 |
|
|
|a Computer Science (Springer-11645)
|